Quiz de révision Histoire Géographie 1ere générale - Statistiques

Statistiques générales
  • Ce quiz a été pris 23 fois
  • Le résultat moyen est 7 sur 23
Statistiques - réponses
Hint Réponse % Correct
Combien de fois Napoléon Bonaparte revient-il au pouvoir ? Deux fois
81%
Qui gouverne le Premier Empire ? Napoléon Bonaparte
81%
Comment se nomme le haut fonctionnaire responsable de la modernisation de la ville de Paris sous le Second Empire ? Le baron Haussmann
62%
1) Lors de sa création en septembre 1792, la convention nationale est partagée entre trois groupes politique : lesquels ? Les Montagnards
62%
2) Lors de sa création en septembre 1792, la convention nationale est partagée entre trois groupes politique : lesquels ? Les Girondins
52%
Qui dirige le royaume de France de 1830 à 1848 ? Louis-Philippe Ier
48%
De quand date la déclaration des droits de l'homme et du citoyen ? 26 août 1789
43%
Quelles sont les dates de début et de fin du Premier Empire ? 1804-1815 (en comptant les Cent-Jours)
38%
Qu'est-ce qu'une FTN ? Une firme transnationale
33%
Quand Napoléon Bonaparte organise-t-il un coup d'Etat ? (la date précise est attendue) Le 9 novembre 1799
29%
Dans quel domaine la famille Schneider se spécialise-t-elle ? L'industrie : la sidérurgie puis l'armement durant la 1ere G.M.
24%
Quand à eu lieu le congrès de Vienne ? (les mois sont attendus) De septembre 1814 à juin 1815
19%
Quelles sont les ressources recherchées par la Troisième République lors de la colonisation ? Des minerais, le caoutchouc, le coton...
19%
Comment s'appelle la journée lors de laquelle Napoléon Bonaparte prend le pouvoir ? Le coup d'Etat du 18 brumaire
19%
3) Lors de sa création en septembre 1792, la convention nationale est partagée entre trois groupes politique : lesquels ? Le Marais / la Plaine
19%
Quand est-il sacré ? Le 4 décembre 1804
14%
1) Présentez 1 type d'espace productif Touristique
14%
4) Présentez 1 type d'espace productif Exécution
10%
Comment s'appelle la doctrine économique mise en place par Napoléon III ? Le Saint-simonisme
10%
Quel groupe mène cette révolution ? Les bolcheviks
10%
Quand à eu lieu la révolution rouge ? En octobre 1917
5%
3) Présentez 1 type d'espace productif Innovation
5%
2) Présentez 1 type d'espace productif Logistique
5%
Aucun quiz correspondant
Distribution des résultats
% des personnes avec chaque résultat
Percentile par nombre de réponses
Votre historique - résultats
Vous n’avez pas pris ce quiz